Testigos de Cristo

Guardat en:
Dades bibliogràfiques
Autor principal: Caviedes, Iván (Autor)
Format: Llibre
Idioma:espanyol
Publicat: Santiago s.n 1983
Edició:3a. ed
Matèries:
Etiquetes: Afegir etiqueta
Sense etiquetes, Sigues el primer a etiquetar aquest registre!

MARC

LEADER 00000nam a2200000 a 4500
001 UCL3772
003 CL-VaPUC
008 031212e19830000cl |||||||||||||||||spa|d
082 0 4 |a 265.2  |b CAV  |2 21 
100 0 |a Caviedes, Iván  |e author  |9 481174 
245 1 0 |a Testigos de Cristo 
250 |a 3a. ed 
300 |a 116 p 
942 |c BK 
945 |d 20031212 00:00:00  |a vberengu 
260 |a Santiago  |b s.n  |c 1983 
650 0 |a Confirmación   |9 255060 
650 0 |a Sacramentos   |9 257270 
650 0 |a Catequesis  |9 314526 
650 0 |a Libros de texto  |9 270019 
583 |a last modification  |c 20180109 11:51:06  |k Rodrigo Vera 
999 |c 306779  |d 306777 
952 |0 0  |1 0  |4 0  |6 265_200000000000000_CAV_1983  |7 0  |8 A  |9 372059  |a BIBTEO  |b BIBTEO  |d 2019-11-21  |i 2097354  |o 265.2 CAV 1983  |p 2097354  |r 2025-01-17  |w 2019-11-21  |y BK  |k ICR